000
00307nam a22001337a 4500
008
170602b xxu||||| |||| 00| 0 eng d
020
_a
0395420202
041
_a
eng
080
_a
94(7/8)
100
_a
18
101
_a
SHH
245
_a
THE ENTREPRENEURS AN AMERICAN ADVENTURE
_c
SOBEL.R
942
_2
udc
_c
BK
999
_c
15823
_d
15823